| 000 -LEADER |
| fixed length control field |
00705nam a22001937a 4500 |
| 005 - DATE AND TIME OF LATEST TRANSACTION |
| control field |
20260304123519.0 |
| 008 - FIXED-LENGTH DATA ELEMENTS--GENERAL INFORMATION |
| fixed length control field |
260304s2021 enk||||| |||| 00| 0 eng d |
| 020 ## - INTERNATIONAL STANDARD BOOK NUMBER |
| International Standard Book Number |
9781787383401x |
| 041 ## - LANGUAGE CODE |
| Language code of text/sound track or separate title |
eng |
| 080 ## - UNIVERSAL DECIMAL CLASSIFICATION NUMBER |
| Universal Decimal Classification number |
616.98(520) T-16 |
| 100 ## - MAIN ENTRY--PERSONAL NAME |
| Personal name |
Takayama, Fumihiko |
| 9 (RLIN) |
27043 |
| 245 ## - TITLE STATEMENT |
| Title |
The Last and Longest Mile: |
| Remainder of title |
Yohei Sasakawa's Struggle to Eliminate Leprosy / |
| Statement of responsibility, etc. |
Fumihiko Takayama; Translated by W. Miller. |
| 264 ## - PRODUCTION, PUBLICATION, DISTRIBUTION, MANUFACTURE, AND COPYRIGHT NOTICE |
| Place of production, publication, distribution, manufacture |
London : |
| Name of producer, publisher, distributor, manufacturer |
Hurst, |
| Date of production, publication, distribution, manufacture, or copyright notice |
2021. |
| 300 ## - PHYSICAL DESCRIPTION |
| Extent |
268 p.: |
| Other physical details |
ill.; |
| Dimensions |
24 cm. |
| 653 ## - INDEX TERM--UNCONTROLLED |
| keyword |
იოჰეი სასაკავას ბრძოლა |
| 653 ## - INDEX TERM--UNCONTROLLED |
| keyword |
იაპონია |
| 700 ## - ADDED ENTRY--PERSONAL NAME |
| Personal name |
Miller, W. |
| Relator term |
მთარგმნელი |
| 9 (RLIN) |
27044 |
| 942 ## - ADDED ENTRY ELEMENTS (KOHA) |
| Source of classification or shelving scheme |
|
| Koha item type |
წიგნი |